| 000 | 00877cam a22003011 4500 | ||
|---|---|---|---|
| 999 |
_c9969 _d9969 |
||
| 001 | 9969 | ||
| 003 | BD-JhCC | ||
| 005 | 20180403200618.0 | ||
| 008 | 180403s1968 nyua b 000 0 eng | ||
| 035 | _a(BD-JhCC)9969 | ||
| 040 |
_aDLC _cDLC _dDLC _dBD-JhCC |
||
| 041 | 1 | _aengger | |
| 050 | 0 | 0 |
_aN6370 _b.W63 |
| 082 | 0 | 0 |
_a709/.4 _bWOL 1968 |
| 100 | 1 | _aWolf, Robert Erich. | |
| 240 | 1 | 0 | _aGeburt der Neuzeit. |
| 245 | 1 | 0 |
_aRenaissance and mannerist art / _cText by Robert Erich Wolf and Ronald Millen. |
| 260 |
_aNew York : _bAbrams, _c1968. |
||
| 300 |
_a263 p. _billus. (part col.) _c23 cm. |
||
| 490 | 0 | _aPanorama of world art | |
| 500 | _aTranslation of Geburt der Neuzeit. | ||
| 504 | _aBibliography: p. 258-[260] | ||
| 650 | 0 | _aArt, Renaissance. | |
| 650 | 0 | _aMannerism (Art) | |
| 700 | 1 | _aMillen, Ronald, | |
| 942 |
_2ddc _cREF |
||